000 005640000a22001810004500
003 MACL
005 20160402124503.0
008 160402b xxu||||| |||| 00| 0 eng d
040 _aMACL
_cMACL
041 _aHindi
082 _a398
100 _aबलूनी दिनेशचंद्र
_949986
245 _aउत्‍तराखंड की लोकगाथाऍ
260 _bडायमंड पाकेट बुक्‍स
_c2000
_aनई दिल्‍ली
350 _a300
650 _aFolklore
_949987
942 _cHIN
_k398
_2ddc
999 _c18067
_d18067